Matter and energy : physics in action
| Main Author: | |
|---|---|
| Format: | Book |
| Published: |
Oxfordshire :
Andromeda Oxford Ltd ,
1994
|
MARC
| LEADER | 00000cam a2200000 7i4500 | ||
|---|---|---|---|
| 001 | 0000086261 | ||
| 005 | 20210113.0 | ||
| 008 | 210113 | ||
| 020 | |a 1871869404 | ||
| 020 | |a 9781871869408 | ||
| 090 | 0 | 0 | |a 530.4 |b CLA |
| 100 | 1 | |a Clark, John | |
| 245 | 1 | 0 | |a Matter and energy : |b physics in action |c John Clark |
| 260 | |a Oxfordshire : |b Andromeda Oxford Ltd , |c 1994 | ||
| 300 | |a 160pg. : |b Col.ill | ||
| 500 | |a Reference | ||
| 999 | |a 0000797437 |b Book |c REFERENCE |e Cawangan Segamat | ||